书目信息 |
| 题名: |
一日三餐巧安排
|
|
| 作者: | 张箪食 主编 | |
| 分册: | ||
| 出版信息: | 北京 中国华侨出版社 2013 |
|
| 页数: | 304页 | |
| 开本: | 26cm | |
| 丛书名: | ||
| 单 册: | ||
| 中图分类: | R15 | |
| 科图分类: | ||
| 主题词: | 膳食营养 , 食谱--中国 , 食谱 | |
| 电子资源: | ||
| ISBN: | 978-7-5113-3299-8 | |
| 000 | 00771nam0 2200253 450 | |
| 001 | 440 | |
| 001 | 01CN08578539@CSLN | |
| 005 | 20160905101032.06 | |
| 010 | @a978-7-5113-3299-8@dCNY68.00 | |
| 100 | @a20130710d2013 em y0chiy50 ea | |
| 101 | 0 | @achi |
| 102 | @aCN@b110000 | |
| 105 | @aa z 000yy | |
| 200 | 1 | @a一日三餐巧安排@9yi ri san can qiao an pai@f张箪食主编 |
| 210 | @a北京@c中国华侨出版社@d2013 | |
| 215 | @a304页@c彩图@d26cm | |
| 330 | @a本书以适合现代城市家庭生活的需要为出发点,精选了600余道家常美味佳肴。每道菜都标明了详细的做法,并列出了步骤图。 | |
| 606 | 0 | @a膳食营养 |
| 606 | 0 | @a食谱@y中国 |
| 606 | 0 | @a食谱 |
| 690 | @aR15@v5 | |
| 701 | 0 | @a张箪食@9zhang dan shi@4主编 |
| 801 | 0 | @aCN@b唐山师范学院图书馆@c20160722 |
| 905 | @aZUCC@dR15@e119 | |
| 一日三餐巧安排/张箪食主编.-北京:中国华侨出版社,2013 |
| 304页:彩图;26cm |
| ISBN 978-7-5113-3299-8:CNY68.00 |
| 本书以适合现代城市家庭生活的需要为出发点,精选了600余道家常美味佳肴。每道菜都标明了详细的做法,并列出了步骤图。 |
| ● |
| 相关链接 |
|
|
|
|
正题名:一日三餐巧安排
索取号:R15/119
 
预约/预借
| 序号 | 登录号 | 条形码 | 馆藏地/架位号 | 状态 | 备注 |
| 1 | 901841 | 209018418 | 第二样本阅览室/ [索取号:R15/119] | 在馆 | |
| 2 | 901842 | 209018427 | 第三借阅区/ [索取号:R15/119] |
已借出,限还日期为2025.09.16 借出人:张瑞金 |
|
| 3 | 901843 | 209018436 | 第三借阅区/ [索取号:R15/119] | 在馆 | |
| 4 | 901844 | 209018445 | 第三借阅区/ [索取号:R15/119] | 在馆 | |
| 5 | 901845 | 209018454 | 第三借阅区/ [索取号:R15/119] | 在馆 |